000 01192nam a2200337 a 4500
001 000110880
003 CHAP
005 20220329144149.0
008 141017s2014 mx a fsm |||||||spa d
010 _a107342
011 _a108314
040 _cCHAP
090 _aTesis
100 1 _aRuiz Chávez, Francisco Jhovanny
_9128634
245 1 0 _aModelo lluvia-escurrimiento de la cuenca del Río Guanajuato
_h[En línea]
_cpor Francisco Jhovanny Ruiz Chávez.
260 _aChapingo, Méx. :
_bEl autor,
_c2014.
500 _aPara ver el contenido del material haga clic en la liga
502 _aTesis (Ing. en Irrigación)-- UACH. Departamento de Irrigación
590 _aE11695DGD
_b10
_c20141017
_lUCH01
_h1417
590 _aE11695DGD
_b10
_c20141017
_lUCH01
_h1419
590 _aE5995AHE
_b05
_c20141017
_lUCH01
_h0948
590 _aE5995AHE
_b05
_c20141017
_lUCH01
_h0948
650 1 4 _aCuencas hidrológicas.
_930092
650 1 4 _aEscurrimiento.
_937675
650 1 4 _aHidrología
_xModelos matemáticos.
_955267
650 1 4 _aLluvia
_xSimulación.
_967339
856 _aFinding aid
_uhttp://10.13.5.2/tesis/sist110880.pdf
_zTeclea aquí
901 _aBK
942 _cTESIS
942 _n0
999 _c107342
_d107342